00661nam a2200205 a 450000500170000000800410001701000140005802000230007203500130009503700150010804000180012308200120014110000250015311000380017824500690021626000400028527000670032530000220039250000410041419890424000000.0811124s1979 ii b s000 0 eng  aENG-92952 c100.00a8178292632 aEN-76485 bDBAD / PUB adplbEnglish  a330.954 aSanthanalakshmi, V.  aMaharashtra State Law Commission. aGrowth and structure of Indian economy /cby V. Santhanalakshmi  aMumbai bSitech Publications c2007 aNo.5, India Merchantlie Chamber, R. Kamani Marg, bMumbai e40 a94p. c20cm (pbk) aIncludes bibliographical references